Calidad de la enseñanza media: un estudio de casos

Furkejuvvon:
Bibliográfalaš dieđut
Váldodahkkit: Rojas Figueroa, Alfredo (Dahkki), Cardemil Oliva, Cecilia (Dahkki)
Materiálatiipa: Girji
Giella:espánnjágiella
Almmustuhtton: Santiago CIDE 1992
Fáttát:
Fáddágilkorat: Lasit fáddágilkoriid
Eai fáddágilkorat, Lasit vuosttaš fáddágilkora!

MARC

LEADER 00000nam a2200000 a 4500
001 UCY0611
003 CL-VaPUC
005 20231109073825.0
008 940808e19920000CL |||||||||||||||||spa|d
999 |c 229574  |d 229572 
040 |c Pontificia Universidad Católica de Valparaíso 
082 0 4 |a 373.011  |b ROJ  |2 21 
100 0 |a Rojas Figueroa, Alfredo  |e author  |9 328382 
245 1 0 |a Calidad de la enseñanza media: un estudio de casos 
260 |a Santiago  |b CIDE  |c 1992 
300 |a 114 p 
583 |a last modification  |c 19940808 00:00:00  |k Rodrigo Vera 
650 0 |a Calidad de la educación   |9 307271 
650 0 |a Educación media  |9 499610 
700 0 |a Cardemil Oliva, Cecilia  |e author  |9 328383 
942 |c BK  |2 ddc 
945 |d 19940808 00:00:00  |a rbrito 
952 |0 0  |1 0  |4 0  |6 373_011000000000000_ROJ_1992  |7 0  |8 P  |9 230869  |a BIBEDU  |b BIBEDU  |c BIBEDU_PB  |d 2019-11-15  |i 3002470  |o 373.011 ROJ 1992  |p 3002470  |r 2024-01-25  |w 2019-11-15  |y BK  |k EDU